| 000 | 01656nam1a2200289 i 4500 | ||
|---|---|---|---|
| 001 | RU\NLR\bibl\942266 | ||
| 005 | 20260405162646.0 | ||
| 035 | _a(NLR Aleph) 000930426 | ||
| 090 |
_a156346 _c156346 |
||
| 100 | _a20060503g20049999u y0rusy50 ca | ||
| 101 | 0 | _arus | |
| 102 | _aRU | ||
| 105 | _a||||z ||||| | ||
| 200 | 1 |
_aКонтроль и коррекция массогеометрических характеристик летательных аппаратов _eтекст лекций _fФедоров В.Б. _gМ-во образования и науки Рос. Федерации, Федер. агентство по образованию, Юж.-Ур. гос. ун-т, Каф. автоматизации механосбороч. пр-ва |
|
| 210 |
_aЧелябинск _cИзд-во ЮУрГУ _d2004 |
||
| 215 | _d21 | ||
| 463 | 0 | _1001936491 | |
| 606 | 1 |
_aЛетательные аппараты _jУчебные издания для высших учебных заведений _xВесовые характеристики _92270511 _3RU\NLR\auth\661360888 |
|
| 606 | 1 |
_aЛетательные аппараты _jУчебные издания для высших учебных заведений _xУстойчивость _91461311 _3RU\NLR\auth\66619986 |
|
| 686 | _aО52-02я73-1 | ||
| 700 | 1 |
_4070 _8rus _7ca _aФедоров _bВ. Б. _cканд. техн. наук, авиацион. техника _f1964- _gВиктор Борисович _3RU\NLR\auth\7768923 _951851 |
|
| 801 | 0 |
_aRU _bNLR _c20060503 _grcr |
|
| 801 | 1 |
_aRU _bNLR _c20060503 |
|
| 830 | _aавт. по кн. | ||
| 852 |
_aNLR _j2006-3/11232 |
||
| 942 | _cBOOK | ||